000 01117nam a22002897a 4500
001 04014
003 HDC
007 cr bn ---aaaaa
008 210114t2009 flu||||| |||| 00| 0 eng
020 _a978-1-4200-7753-7
040 _aHDC
100 _aGrillenberger, Monika
_eauthor
_94010
245 0 _aAdequate Food for All: Culture, Science, and Technology of Food in the 21st Century. Chapter 12 :
_bAnimal Source Foods: Effects on Nutrition and Function in Children in Developing Countries / by
_cMonika Grillenberger
260 _a Boca Raton, Florida:
_bCRC Press,
_c2009
300 _a22 pages
336 _atext
_2rdacontent
337 _acomputer
_2rdamedia
338 _aonline resource
_2rdacarrier
500 _aIncludes bibliographical references
650 _aAdequate Food
_93951
650 _aAnimal Source Foods
_94011
650 _aNutritional value
_94012
856 _zRequest full-text at [email protected]
942 _2lcc
942 _cCHAP
942 _kEBCH 001770
999 _c1339
_d1339